Advanced calculus with applications in statistics

Αποθηκεύτηκε σε:
Λεπτομέρειες βιβλιογραφικής εγγραφής
Κύριος συγγραφέας: Khuri, Andre I. 1940-
Μορφή: Βιβλίο
Γλώσσα:English
Δημοσίευση: Hoboken, N.J. : Wiley-Interscience, c2003
Έκδοση:2η εκδ.
Σειρά:Wiley series in probability and statistics
Θέματα:
Διαθέσιμο Online:http://www.loc.gov/catdir/toc/wiley031/2002068986.html
Ετικέτες: Προσθήκη ετικέτας
Δεν υπάρχουν, Καταχωρήστε ετικέτα πρώτοι!

MARC

LEADER 00000nam a2200000 i 4500
001 1/63410
008 041020s2003 eng d
020 |a 0-471-39104-2 
035 |l 10074830 
040 |a GR-MY-UA  |b gre  |e aacr 
041 0 |a eng 
082 0 |a 515 
100 1 |a Khuri, Andre I.  |d 1940- 
245 1 0 |a Advanced calculus with applications in statistics /  |c Andre I. Khuri 
250 |a 2η εκδ. 
260 |a Hoboken, N.J. :   |b Wiley-Interscience,   |c c2003 
300 |a xix, 673 σ.;  |b εικ.;  |c 25 εκ. 
490 1 |a Wiley series in probability and statistics 
650 0 0 |a Calculus. 
650 0 0 |a Mathematical statistics. 
830 0 |a Wiley series in probability and statistics 
852 |a INST  |b SAMOS  |e 20041020  |h 515 KHU  |p 005300022980  |q 005300022980  |t BK  |y 0 
856 |c πίνακας περιεχομένων  |u http://www.loc.gov/catdir/toc/wiley031/2002068986.html 
901 |a BIBL3-2004-3 
909 |a Σ  |b 107663 
920 |a ΔΙΕΥΡΥΝΣΗ  |b ΕΠΕΑΕΚ-ΤΣΑΕ  |y ΣΑΜΟΣ  |z 2004-10 
970 |a ΜΑΛΑΓΑΡΗ  |b ΦΩΤΕΙΝΗ  |z 2004/10/20